000 00633nam a2200217 a 4500
999 _c3117
_d3117
001 3117
003 BD-JhCC
005 20171109212424.0
008 171109s1982 bg |||| ||a| 000 0 ben d
035 _a(BD-JhCC)3117
040 _aBD-JhCC
_dBD-JhCC
041 _aben
082 _a891.4409
_bBAS 1966
100 _aবসু, বুদ্ধদেব
245 _aপ্রবন্ধ-সংকলন /
_cবুদ্ধদেব বসু
260 _aকলকাতা :
_bদেজ পাবলিশিং,
_c1966.
300 _a401 p. :
_c22 cm.
650 _aComplition of Essays
942 _2ddc
_cBK